| 000 | 00603nam a2200181 a 4500 | ||
|---|---|---|---|
| 005 | 20231028063758.0 | ||
| 008 | 991125 1983 mx 000 0 spa u | ||
| 020 | _a9688616667 | ||
| 035 | _aUPN01000034146 | ||
| 049 | _aSEP | ||
| 050 | 4 |
_aLB1578 A3.51 _bJ8.4 |
|
| 100 | 1 | _aJuárez Luna, Marcos | |
| 245 | 1 | 0 |
_aLecto-escritura en Lengua Popoluca : _bPopoluca Norte, Tehuacán, Pue.: Libro del maestro _bLibro del maestro / _cMarcos Juárez Luna. |
| 260 |
_aMéxico : _bSEP, Dirección General de Educación Indígena, _c1983. |
||
| 300 | _a110 p. | ||
| 650 | 4 |
_aCartilla popoluca _98182 |
|
| 905 | _aLibro | ||
| 999 |
_c34146 _d34146 |
||